(20A) - 50 villes les plus peuplées de la Corse-du-Sud (2A) - Statistiques

Statistiques générales
  • Ce quiz a été pris 13 fois
  • Le résultat moyen est 14 sur 50
Statistiques - réponses
nombre d'habitant ville % Correct
76 320 Ajaccio
100%
3 344 Bonifacio
92%
11 198 Porto-Vecchio
83%
3 996 Propriano
83%
1 445 Sari-Solenzara
67%
1 772 Figari
58%
3 742 Sartène
58%
2 989 Zonza
58%
3 681 Alata
42%
522 Bastelica
42%
1 150 Cargèse
42%
1 486 Cauro
42%
1 289 Olmeto
42%
452 Piana
42%
3 350 Afa
33%
4 411 Bastelicaccia
33%
2 134 Lecci
33%
2 044 Peri
33%
3 278 Sarrola-Carcopino
33%
1 175 Conca
25%
2 060 Cuttoli-Corticchiato
25%
3 900 Grosseto-Prugna
25%
674 Levie
25%
470 Ota
25%
727 Serra-di-Ferro
25%
999 Vico
25%
1 749 Appietto
17%
419 Bocognano
17%
737 Coti-Chiavari
17%
572 Petreto-Bicchisano
17%
1 204 San-Gavino-di-Carbini
17%
1 893 Sotta
17%
908 Viggianello
17%
402 Villanova
17%
1 833 Albitreccia
8%
516 Calcatoggio
8%
571 Casaglione
8%
1 389 Eccica-Suarella
8%
540 Monacia-d'Aullène
8%
657 Ocana
8%
749 Pianottoli-Caldarello
8%
2 074 Pietrosella
8%
396 Sollacaro
8%
414 Tavaco
8%
453 Tavera
8%
537 Valle-di-Mezzana
8%
640 Vero
8%
379 Carbuccia
0%
818 Coggia
0%
504 Ucciani
0%
Aucun quiz correspondant
Distribution des résultats
% des personnes avec chaque résultat
Percentile par nombre de réponses
Votre historique - résultats
Vous n’avez pas pris ce quiz